| 000 | 01947nam a22004097a 4500 | ||
|---|---|---|---|
| 003 | AR-RoUNA | ||
| 005 | 20260410074419.0 | ||
| 008 | 260409b |||||||| |||| 00| 0 spa d | ||
| 020 | _a9783534642007 | ||
| 040 |
_aAR-RoUNA _bspa _dAR-RoUNA |
||
| 041 | _aspa | ||
| 044 | _aag | ||
| 100 | 1 |
_aPiccoli, Lucio _927673 |
|
| 245 | 1 | 0 |
_aEmpatía y visión : _bentre espacios de urbanismo, fotografía y diseño en Argentina y Alemanía (ca. 1900–1950) / _cLucio Piccoli |
| 250 | _a1a. ed. | ||
| 260 |
_aBerlín : _bWbg Academic in der Verlag Herder GmbH, _c2020 |
||
| 300 |
_a310 p.: _bfot. col. _c22x15 cm |
||
| 490 |
_aHistoramericana _vv. 61 |
||
| 500 | _aLucio Piccoli (Rosario,1986) es docente e investigador en el departamento de historia del Lateinamerika-Institut de la Freie Universität Berlin. Se especializa en la historia cultural del modernismo y las vanguardias artísticas del período de entreguerras, así como en la planificación urbana y regional en América Latina durante la Guerra Fría. | ||
| 520 | 3 | _aLa obra analiza el proceso de profesionalización y renovación disciplinar del urbanismo, la fotografía y el diseño en Alemania y Argentina durante la primera mitad del siglo XX. A partir del concepto de percepción empática, el autor propone un nuevo paradigma interpretativo que permite comprender la circulación de ideas modernistas y las transformaciones estéticas del periodo. | |
| 600 | 1 | 4 |
_aHegemann, Werner _96585 |
| 600 | 1 | 4 |
_aStern, Grete _927674 |
| 600 | 1 | 4 |
_aMaldonado, Tomas _91443 |
| 650 | 4 | _aUrbanismo | |
| 650 | 4 | _aHistoria cultural | |
| 650 | 4 | _aAnalisis historiografico | |
| 650 | 4 | _aModermismo | |
| 650 | 4 | _aVanguardias | |
| 650 | 4 | _aSiglo XX | |
| 651 | 4 |
_aAlemania _91387 |
|
| 651 | 4 |
_aArgentina _958 |
|
| 908 | _aImp | ||
| 930 | _e12323 | ||
| 942 |
_2ddc _cLIB |
||
| 945 |
_aMIA _d2026-04-09 |
||
| 980 |
_61 _aMaricel Allasia _85 _gMaría Machado |
||
| 999 |
_c12384 _d12384 |
||